| 000 | 00780nas a2200253 4500 | ||
|---|---|---|---|
| 001 | BR9501483 | ||
| 003 | BR-BrBNA | ||
| 005 | 20231205093913.0 | ||
| 007 | ta | ||
| 008 | 230509b bl.|||p| |||| 00| 00por d | ||
| 040 |
_aBR-BrBNA _bpor _cBiblioteca Nacional de Agricultura |
||
| 041 | _a(Pt) | ||
| 072 | _aH20 | ||
| 100 | 1 | _aZerbini Junior, F.M. | |
| 100 | 1 | _aCarvalho, M.G. de | |
| 100 | 1 | _aMaciel-Zambolim, E. | |
| 245 | 1 | _aCaracterizacao do acido nucleico de um isolado do virus do mosaico da couve-flor (CaMV) | |
| 650 | _aCouve-Flor | ||
| 650 | _aMosaico | ||
| 650 | _aEspirito Santo | ||
| 773 | 0 |
_tFitopatologia Brasileira (Brazil) _xISSN 0100-4158 _g(Sep 1992), v. 17(3) p. 326-330 _wBR9501483 |
|
| 909 |
_a202311 _bLúcia _c55 _dLúcia Elande |
||
| 942 |
_2AGRIS _n0 _cANA |
||
| 999 |
_c141004 _d141004 |
||